| 000 -LEADER |
| fixed length control field |
00749nam a22001577a 4500 |
| 003 - CONTROL NUMBER IDENTIFIER |
| control field |
OSt |
| 005 - DATE AND TIME OF LATEST TRANSACTION |
| control field |
20151203092204.0 |
| 008 - FIXED-LENGTH DATA ELEMENTS--GENERAL INFORMATION |
| fixed length control field |
151203b xxu||||| |||| 00| 0 eng d |
| 040 ## - CATALOGING SOURCE |
| Transcribing agency |
RUA |
| 082 ## - DEWEY DECIMAL CLASSIFICATION NUMBER |
| Classification number |
FIS LIN 2006 B178 Or.1 |
| 100 ## - MAIN ENTRY--PERSONAL NAME |
| 9 (RLIN) |
4181 |
| Personal name |
LING KIMRITH; ឡឹង គឹមរិទ្ធ |
| 245 ## - TITLE STATEMENT |
| Title |
Effect of effective macroorganism on water quality for rearing giant freshwater prawn macrobrachium rosenbergii, ប្រសិទ្ធភាពអតិសុខមប្រាណមានប្រយោជន៍ (អ៊ីអ៊ឹម) ទៅលើគុណភាពទឹក សំរាប់ថែបំប៉នកូនបង្កង. |
| 260 ## - PUBLICATION, DISTRIBUTION, ETC. (IMPRINT) |
| Place of publication, distribution, etc. |
Phnom Penh |
| Name of publisher, distributor, etc. |
RUA |
| Date of publication, distribution, etc. |
2006 |
| 300 ## - PHYSICAL DESCRIPTION |
| Extent |
xii; 49p. |
| Other physical details |
ill. |
| Dimensions |
29cm. |
| 942 ## - ADDED ENTRY ELEMENTS (KOHA) |
| Source of classification or shelving scheme |
|
| Koha item type |
FIS |